गज़नी से जैसलमेर : (Record no. 121877)

MARC details
000 -LEADER
fixed length control field 01261nam a22002657a 4500
005 - DATE AND TIME OF LATEST TRANSACTION
control field 20170124103221.0
010 ## - LIBRARY OF CONGRESS CONTROL NUMBER
LC control number A-974049
020 ## - INTERNATIONAL STANDARD BOOK NUMBER
Terms of availability 800.00
035 ## - SYSTEM CONTROL NUMBER
System control number A-974049
037 ## - SOURCE OF ACQUISITION
Source of stock number/acquisition Cen Lib/Ret
040 ## - CATALOGING SOURCE
Original cataloging agency DPL
Language of cataloging HN
082 ## - DEWEY DECIMAL CLASSIFICATION NUMBER
Classification number 954.42
Item number भाटीह
100 ## - MAIN ENTRY--PERSONAL NAME
Personal name भाटी, हरि सिंह
9 (RLIN) 4584
245 ## - TITLE STATEMENT
Title गज़नी से जैसलमेर :
Statement of responsibility, etc हरि सिंह भाटी
Remainder of title भाटियों का पूर्व-मध्यकालीन इतिहास /
246 ## - VARYING FORM OF TITLE
Title proper/short title Ghazni se jaisalmer : Bhatiyon ka purv-madhyakaleen itihas /
Remainder of title by Hari Singh Bhati
260 ## - PUBLICATION, DISTRIBUTION, ETC. (IMPRINT)
Place of publication, distribution, etc बीकानेर
Name of publisher, distributor, etc हरि सिंह भाटी
Date of publication, distribution, etc 1998
270 ## - ADDRESS
Address हनुमानजी मंदिर के पास पुराना गिन्नानी
City बीकानेर
Postal code 334001
300 ## - PHYSICAL DESCRIPTION
Extent 608पृ.
Dimensions 25सेमी(सजिल्द)
500 ## - GENERAL NOTE
General note अनुक्रमणिका शामिल
650 ## - SUBJECT ADDED ENTRY--TOPICAL TERM
Topical term or geographic name as entry element इतिहास
9 (RLIN) 114098
650 ## - SUBJECT ADDED ENTRY--TOPICAL TERM
Topical term or geographic name as entry element इतिहास--गज़नी से जैसलमेर
9 (RLIN) 49642
650 ## - SUBJECT ADDED ENTRY--TOPICAL TERM
Topical term or geographic name as entry element History
9 (RLIN) 114099
650 ## - SUBJECT ADDED ENTRY--TOPICAL TERM
Topical term or geographic name as entry element History--Ghazni to Jaisalmer
9 (RLIN) 101518
942 ## - ADDED ENTRY ELEMENTS (KOHA)
Source of classification or shelving scheme Dewey Decimal Classification
Koha item type Hindi Books
Classification part 954.42
Call number suffix भाटीह
Holdings
Withdrawn status Lost status Damaged status Not for loan Home library Current library Date acquired Source of acquisition Cost, normal purchase price Total Checkouts Full call number Barcode Date last seen Copy number Cost, replacement price Price effective from Koha item type
        Central Library Central Library 13/10/2015 Cen Lib/Ret 800.00   954.42 भाटीह A-974049 13/10/2015 1 800.00 13/10/2015 Hindi Books

© Delhi Public Library
Hit Counter
free hit counter